Statistics for Most Populous Countries and Cities That Start With F

Click here to take the quiz!

General Stats

  • This quiz has been taken 50 times
  • The average score is 5 of 9

Answer Stats

Hint Population Answer % Correct
Country67 mFrance
98%
Country884,887Fiji
88%
Country5.5 mFinland
79%
City3.22 mFrankfurt
67%
Country105,300F.S.Micronesia
54%
City3.6 mFortaleza
42%
City4.1 mFuzhou
33%
City3.47 mFaisalabad
31%
City2.7 mFukuoka
27%

Score Distribution

Percentile by Number Answered

Percent of People with Each Score

Your Score History

You have not taken this quiz